Normal view MARC view
  • López Cassà, Élia

Entry Nombre Personal

Number of records used in: 5

001 - NUMERO DE CONTROL

  • campo de control: 37689

003 - IDENTIFICADOR DE NUMERO DE CONTROL

  • campo de control: DLC

005 - FECHA Y HORA DE LA ÜLTIMA TRANSACCIÓN

  • campo de control: 20230815095702.0

008 - DATOS DE LONGITUD FIJA

  • campo de control de longitud fija: 131211n| azannaabn || aaa c

010 ## - NÚMERO DE CONTROL DE LA BIBLIOTECA DEL CONGRESO

  • Número de control LC: no2013138677

035 ## - NUMERO DE CONTROL

  • Número de control: (OCoLC)oca09635854

040 ## - FUENTE DE CATALOGACIÓN

  • Agencia original de catalogación: PE-LiPUB
  • Lenguaje de catalogación: spa
  • Agencia de transcripción: PE-LiPUB
  • Description conventions: rda
  • Agencia que lo modifica: MX-MxUPN

100 1# - ENCABEZAMIENTO - NOMBRE PERSONAL

  • Nombre personal: López Cassà, Élia

372 ## - CAMPO DE ACTIVIDAD

  • Field of activity: Educación

373 ## - GRUPO ASOCIADO

  • Associated group: Universidad de Barcelona

374 ## - OCUPACIÓN

  • Occupation: Profesora universitaria

377 ## - LENGUA ASOCIADA

  • Language code: spa

670 ## - FUENTE EN LA QUE SE LOCALIZARON DATOS

  • Cita de la fuente: Educación emocional en la escuela, 2013:
  • Información localizada: cubierta (Élia López Cassà; Maestra, psicopedagoga y Doctora en Ciencias de la Educación; Integra el GROP Grup de Recerca en Orientació Psicopedagògica de la Universidad de Barcelona)

670 ## - FUENTE EN LA QUE SE LOCALIZARON DATOS

  • Cita de la fuente: Educación emocional: programa para 3-6 años, 2019:
  • Información localizada: portada (Élia López Cassà)

902 ## - CATALOGADOR

  • Catalogador: Víctor Ruiz/150823